[Event "East Region-ch U08"]
[Site "Medellin"]
[Date "2011.04.22"]
[Round "4.3"]
[White "Cano Ruiz, David"]
[Black "Guauque, Juan Jose"]
[Result "1-0"]
[WhiteElo "1213"]
[BlackElo "1303"]
[PlyCount "27"]
[EventDate "2011.04.21"]
[EventType "swiss"]
[EventRounds "5"]
[EventCountry "COL"]
[SourceTitle "EXT 2024"]
[Source "ChessBase"]
[SourceDate "2023.10.10"]
[SourceVersion "1"]
[SourceVersionDate "2023.10.10"]
[SourceQuality "1"]

1. e4 e5 2. Nf3 Nc6 3. Bb5 Nf6 4. Bc4 Nxe4 5. d3 Nf6 6. Ng5 Rg8 7. Nxf7 Qe7 8. Bg5 d6 9. Nc3 Bg4 10. Bxf6 Bxd1 11. Bxe7 Bxe7 12. Rxd1 Bh4 13. Nb5 Rc8 14. Nfxd6+ 1-0

[Event "Antioquia Region-ch U08"]
[Site "Medellin"]
[Date "2011.04.17"]
[Round "4.1"]
[White "Guauque, Juan Jose"]
[Black "Soto, Miguel Angel"]
[Result "0-1"]
[WhiteElo "1303"]
[BlackElo "1475"]
[PlyCount "58"]
[EventDate "2011.04.16"]
[EventType "swiss"]
[EventRounds "5"]
[EventCountry "COL"]
[SourceTitle "EXT 2024"]
[Source "ChessBase"]
[SourceDate "2023.10.10"]
[SourceVersion "1"]
[SourceVersionDate "2023.10.10"]
[SourceQuality "1"]

1. e4 c5 2. Nc3 Nc6 3. Nf3 Nf6 4. Bc4 e6 5. 0-0 Be7 6. d3 0-0 7. Bg5 b6 8. Qd2 Ng4 9. Bxe7 Nxe7 10. Qg5 Nf6 11. d4 d5 12. exd5 exd5 13. Bb3 c4 14. Ba4 a6 15. b3 b5 16. Bxb5 axb5 17. Nxb5 Ne4 18. Qe3 Nf5 19. Qe2 cxb3 20. cxb3 Qb6 21. Rac1 Ba6 22. a4 Bxb5 23. axb5 Nxd4 24. Nxd4 Qxd4 25. Rc7 Ra1 26. Rxa1 Qxa1+ 27. Qf1 Qxf1+ 28. Kxf1 Nd2+ 29. Kg1 Nxb3 0-1